Industrial Bands - Statistics

General Stats
  • This quiz has been taken 35 times
  • The average score is 6 of 19
Answer Stats
Picture Answer % Correct
Rammstein
83%
Marilyn Manson
79%
Nine Inch Nails
76%
KMFDM
72%
Ministry
59%
Skinny Puppy
48%
Fear Factory
45%
Powerman 5000
38%
Static X
38%
Filter
14%
Godflesh
14%
Killing Joke
14%
Coal Chamber
10%
Stabbing Westward
10%
Daughters
7%
Orgy
7%
Rabbit Junk
7%
Swans
7%
Big Black
3%
No matching quizzes found
Score Distribution
Percent of People with Each Score
Percentile by Number Answered
Your Score History
You have not taken this quiz